00389 2200157 4500001002100000005001500021035002000036245004000056100002200096300001200118260004500130082000800175084001400183020002200197990001200219INLIS00000000000175420250505023424 a0010-05250000461 aFilosofi Teras /cHenry Manampiring0 aHenry Manampiring a320 hlm aJakarta :bKompas Media Nusantara,c2019 a813 a813 HEN f a978-602-412-518-9 a0754613